000 01049nam2a22002651 4500
001 RU\NLR\INFOCOMM15\5000233147
005 20250617115116.0
035 _a(NLR Aleph) 002583462
090 _a3296613
_c3296613
100 _a20041020d1970 |||y0rusy50 ca
101 0 _arus
_aeng
102 _aRU
105 _ay ||||000|y
200 1 _aИсследование гидродинамических процессов и параметров движения стекла в большой пузырьковой камере
_fЮ.Ф. Ломакин, Р.В. Чвартацкий
_gЛаб. ядерных проблем
210 _d1970
_aБ. м.
461 0 _1001RU\NLR\INFOCOMM15\1000176112
_12001#$aИздания$fОбъедин. ин-т ядерных исследований$vР13-5291
700 1 _aЛомакин
_bЮ.Ф.
_4070
701 1 _aЧвартацкий
_bР.В.
_4070
801 1 _aRU
_bInfoComm
_c20041129
801 0 _aRU
_bNLR
_gPSBO
852 _aNLR
_jП11/2061
942 _cISSUE
980 _aNB
980 _aRUSPER